1384 1637 1778 1674 1369 1735 1823 1304 1641 1068 1003 1968 1525 1389 1142 1869 1202 1840 1011 1565 1631 1519 1329 1801 1227 1828 1883 1876 1975 1817 2000 1643 1191 1182 1997 1584 1046 1081 1926 1346 1752 1384 1970 1041 1524 1061 1543 1726 1188 1937 1655 1813 1624 1076 1776 1702 1596 1161 1345 1510 1060 1393 1276 1337 1026 1650 1795 1382 1355 1968 1881 1658 1756 1043 1021 1971 1125 1685 1482 1866 1297 1190 1978 1510 1031 1463 1147 1389 1940 1003 1986 1042 1337 1513 1751 1328 1894 1139 1091 BCNSPRNW ULIB Ver.6.0+V

เปลี่ยนเป็นภาษาไทย

Change to English
 แสดงรายละเอียดบรรณานุกรม
  กลับหน้าหลัก

Brief Record : Get Marc (ISO 2709) : E-mail record : QR code < ปิดหน้าต่าง
LEADER : 00000nam 2200000uu 4500
001    13399123724
003     ULIB
008    141119s2555||||th 000 0 tha d
020    ^a9786169129011
060  4 ^aWD220^bF148
110 1  ^aสมาคมโรคไตแห่งประเทศไทย
245 00 ^aFluid, electrolytes and acid-base disorders /^cบรรณาธิการ พงศธร คชเสนี ... [และคนอื่นๆ]
260    ^aกรุงเทพฯ :^bเท็กซ์ แอนด์ เจอร์นัล พับลิเคชั่น,^c2555
300    ^a404 หน้า :^bภาพประกอบ ;^c26 ซม.
650  7 ^aสารน้ำในร่างกายผิดปกติ
650  7 ^aสารน้ำในร่างกาย
650  7 ^aอีเล็คโตรลัยท์
650  7 ^aน้ำ-อีเล็คโตรลัยท์ไม่สมดุล
700 0  ^aพงศธร คะเสนี,^eบรรณาธิการ
945    ^p500^l0^i21775
945    ^p500^l0^i21776
999    ^aทศพร เกษรทอง
รายการนี้ยังไม่มีแท็ก
คุณยังไม่ได้ล็อกอิน คุณสามารถมีกิจกรรมร่วมกับเว็บไซต์ได้ แต่ต้องล็อกอินก่อน ::
  ล็อกอิน

รายการสื่อสารสนเทศ

ลำดับที่ ประเภท เลขเรียก/บาร์โค้ด สถานที่ สถานะ
1. วิทยาศาสตร์การแพทย์ และสุขภาพ
หนังสือสำรอง
สถานะ=หนังสือสำรอง
WD220 F148 ฉ.1 
  Barcode: 21775
ห้องสมุดวิทยาเขตนครสวรรค์
►หนังสือทั่วไป:l:General Books
บนชั้น
2. วิทยาศาสตร์การแพทย์ และสุขภาพ
วิทยาศาสตร์การแพทย์ และสุขภาพ
WD220 F148 ฉ.2 
  Barcode: 21776
ห้องสมุดวิทยาเขตนครสวรรค์
►หนังสือทั่วไป:l:General Books
บนชั้น

รายการใกล้เคียง
    หัวเรื่อง [สารน้ำในร่างกายผิดปกติ]
    หัวเรื่อง [สารน้ำในร่างกาย]
    หัวเรื่อง [อีเล็คโตรลัยท์]
    หัวเรื่อง [น้ำ-อีเล็คโตรลัยท์ไม่สมดุล]

BibComment


ยังไม่เคยถูกคอมเมนท์

คอมเมนท์ทรัพยากรรายการนี้
  คอมเมนท์: Fluid electrolyt..


 Copyright 2026. Bcnsprnw @Library